A tudomány haladása és az ember jövője kérdésfelvetések, viták, konklúziók
Elmentve itt :
| Szerző: | |
|---|---|
| További közreműködők: | |
| Adatforrás: | Philobibl |
| Dokumentumtípus: | Könyv |
| Nyelv: | magyar |
| Kulcsszavak: | tudományelmélet |
| Megjelent: |
[Bp.]
Kossuth K.
1977
|
| LEADER | 00426nam a2200133 c 4500 | ||
|---|---|---|---|
| 001 | bibPHI0034592 | ||
| 005 | 20200924123348.2 | ||
| 008 | 090623s1977 hu hun | ||
| 100 | 1 | |a Frolov, I. | |
| 245 | 1 | 2 | |a A tudomány haladása és az ember jövője |b kérdésfelvetések, viták, konklúziók |c I. Frolov ; [ford. Vajda Mihály] |
| 260 | |a [Bp.] |b Kossuth K. |c 1977 | ||
| 300 | |a 200 p. | ||
| 695 | |a tudományelmélet | ||
| 700 | 1 | |a Vajda Mihály | |